Catàleg d'activitats i serveis locals 2007 / Xarxa Barcelona. Municipis de Qualitat ; [coordinació: Servei de Govern Local] Servei de Govern Local]
Descripción Física:
223 p. ; 30 cm + 1 CD-ROM
MARC
| LEADER | 00000nam a2200000Ia 4500 | ||
|---|---|---|---|
| 001 | 18564 | ||
| 008 | 160829s2006 xx 000 0 cat d | ||
| 080 | |a A-2-277 | ||
| 100 | |a Xarxa Barcelona. Municipis de Qualitat | ||
| 245 | |a Catàleg d'activitats i serveis locals 2007 / Xarxa Barcelona. Municipis de Qualitat ; [coordinació: |b Servei de Govern Local] | ||
| 260 | |a Barcelona : |b Diputació de Barcelona, |c 2006 | ||
| 300 | |a 223 p. ; |c 30 cm + 1 CD-ROM | ||
| 650 | 0 | |a Serveis municipals |x Barcelona (Catalunya : Província) |9 30634 | |
| 710 | |a Barcelona (Catalunya : Província). |b Servei de Govern Local |9 12081 | ||
| 901 | |a Arxiu | ||
| 942 | |n 1 | ||
| 952 | |0 0 |1 0 |4 0 |6 A2277 |7 1 |9 50228 |a Arxiu |b Arxiu |d 2016-12-01 |l 0 |o A-2-277 |p 18564 |r 2016-12-01 00:00:00 |w 2016-12-01 |y ARXIU | ||
| 999 | |c 54070 |d 54070 | ||